000 00640nam a2200229Ia 4500
003 OSt
005 20221007064829.0
006 a|||||r|||| 00| 0
007 ta
008 221006b |||||||| |||| 00| 0 eng d
024 _a12,170
037 _cReference Collections
040 _aFLL
_cFLL
_beng
041 _2eng
_aeng
082 _aV2:2:N7, L6
100 _aShakdher S.L. Ed.
245 0 _aConstitution and the parliament in India
260 _aDelhi
_bNational pub. India
_c1976
300 _axlvii,694p
_ccm.
942 _hV2:2:N7, L6
_cREF
_2CC
999 _c1135490
_d1135490